High-Performance Communication Networks (Record no. 330118)

MARC details
000 -LEADER
fixed length control field 00532nam a2200181Ia 4500
008 - FIXED-LENGTH DATA ELEMENTS--GENERAL INFORMATION
fixed length control field 230718s9999 xx 000 0 und d
020 ## - INTERNATIONAL STANDARD BOOK NUMBER
International Standard Book Number 9788181476524
041 ## - LANGUAGE CODE
Language code of text/sound track or separate title eng
082 ## - DEWEY DECIMAL CLASSIFICATION NUMBER
Classification number 621.382'1
Item number WAL
100 ## - MAIN ENTRY--PERSONAL NAME
Personal name Walrand J.
9 (RLIN) 110034
245 ## - TITLE STATEMENT
Title High-Performance Communication Networks
250 ## - EDITION STATEMENT
Edition statement 2nd ed.
260 ## - PUBLICATION, DISTRIBUTION, ETC. (IMPRINT)
Date of publication, distribution, etc. 2009
Name of publisher, distributor, etc. Morgan Kaufmann/Elsevier
300 ## - PHYSICAL DESCRIPTION
Extent 693
Accompanying material [OBSOLETE, CAN/MARC] Ref 410 G (47325)
365 ## - TRADE PRICE
Currency code Rs.
Price amount 450.00
700 ## - ADDED ENTRY--PERSONAL NAME
Personal name Walrand J. & Varaiya P.
9 (RLIN) 110035
906 ## - LOCAL DATA ELEMENT F, LDF (RLIN)
d O:0261824-Feb-2012B:282925-Jan-2012
c IT
b 562.5
Holdings
Withdrawn status Lost status Damaged status Not for loan Home library Current library Date acquired Vendor Budget Code Cost, normal purchase price Bill number Total Checkouts Full call number Barcode Date last seen Discount Cost, replacement price Bill Date Koha item type Original Barcode
        Cummins College of Engineering for Women Pune Cummins College of Engineering for Women Pune 23/02/2012 Pradeep Book Distributors IT 337.50 2829   621.382'1 CCEP-BK-41325 18/07/2023 562.5 450.00 25/01/2012 Books 041325